<?xml version="1.0" encoding="UTF-8"?>
<record
    xmlns:xsi="http://www.w3.org/2001/XMLSchema-instance"
    xsi:schemaLocation="http://www.loc.gov/MARC21/slim http://www.loc.gov/standards/marcxml/schema/MARC21slim.xsd"
    xmlns="http://www.loc.gov/MARC21/slim">

  <leader>01646nam0a2200337   4500</leader>
  <controlfield tag="001">RU\NLR\b_ik\127063</controlfield>
  <controlfield tag="005">20260408200122.0</controlfield>
  <datafield tag="035" ind1=" " ind2=" ">
    <subfield code="a">(NLR Aleph) 002200491</subfield>
  </datafield>
  <datafield tag="090" ind1=" " ind2=" ">
    <subfield code="a">3034398</subfield>
    <subfield code="c">3034398</subfield>
  </datafield>
  <datafield tag="100" ind1=" " ind2=" ">
    <subfield code="a">20050419d2003    u  y0rusy50      ca</subfield>
  </datafield>
  <datafield tag="101" ind1="0" ind2=" ">
    <subfield code="a">eng</subfield>
    <subfield code="d">rus</subfield>
  </datafield>
  <datafield tag="102" ind1=" " ind2=" ">
    <subfield code="a">RU</subfield>
  </datafield>
  <datafield tag="105" ind1=" " ind2=" ">
    <subfield code="a">a   |||||||||</subfield>
  </datafield>
  <datafield tag="200" ind1="1" ind2=" ">
    <subfield code="a">Modified method for registration of particle deflection by bent crystal</subfield>
    <subfield code="f">S.V. Afanasiev, A.D. Kovalenko, V.N. Kuztnetsov [et al.]</subfield>
  </datafield>
  <datafield tag="210" ind1=" " ind2=" ">
    <subfield code="a">&#x414;&#x443;&#x431;&#x43D;&#x430;</subfield>
    <subfield code="c">&#x41E;&#x431;&#x44A;&#x435;&#x434;. &#x438;&#x43D;-&#x442; &#x44F;&#x434;&#x435;&#x440;. &#x438;&#x441;&#x441;&#x43B;&#x435;&#x434;.</subfield>
    <subfield code="d">2003</subfield>
  </datafield>
  <datafield tag="215" ind1=" " ind2=" ">
    <subfield code="a">14 &#x441;.</subfield>
    <subfield code="c">&#x438;&#x43B;.</subfield>
    <subfield code="d">22</subfield>
  </datafield>
  <datafield tag="225" ind1="1" ind2=" ">
    <subfield code="a">&#x41E;&#x431;&#x44A;&#x435;&#x434;&#x438;&#x43D;&#x435;&#x43D;&#x43D;&#x44B;&#x439; &#x438;&#x43D;&#x441;&#x442;&#x438;&#x442;&#x443;&#x442; &#x44F;&#x434;&#x435;&#x440;&#x43D;&#x44B;&#x445; &#x438;&#x441;&#x441;&#x43B;&#x435;&#x434;&#x43E;&#x432;&#x430;&#x43D;&#x438;&#x439;, &#x414;&#x443;&#x431;&#x43D;&#x430;</subfield>
    <subfield code="v">&#x415;1-2003-204</subfield>
  </datafield>
  <datafield tag="300" ind1=" " ind2=" ">
    <subfield code="a">&#x41D;&#x430; 3-&#x439; &#x441;. &#x43E;&#x431;&#x43B;.: &#x41C;&#x43E;&#x434;&#x438;&#x444;&#x438;&#x446;&#x438;&#x440;&#x43E;&#x432;&#x430;&#x43D;&#x43D;&#x44B;&#x439; &#x43C;&#x435;&#x442;&#x43E;&#x434; &#x434;&#x43B;&#x44F; &#x440;&#x435;&#x433;&#x438;&#x441;&#x442;&#x440;&#x430;&#x446;&#x438;&#x438; &#x43E;&#x442;&#x43A;&#x43B;&#x43E;&#x43D;&#x435;&#x43D;&#x438;&#x44F; &#x447;&#x430;&#x441;&#x442;&#x438;&#x446; / &#x410;&#x444;&#x430;&#x43D;&#x430;&#x441;&#x44C;&#x435;&#x432; &#x421;.&#x412;. &#x438; &#x434;&#x440;.</subfield>
  </datafield>
  <datafield tag="300" ind1=" " ind2=" ">
    <subfield code="a">&#x420;&#x435;&#x437;. &#x43D;&#x430; &#x440;&#x443;&#x441;. &#x44F;&#x437;.</subfield>
  </datafield>
  <datafield tag="320" ind1=" " ind2=" ">
    <subfield code="a">&#x411;&#x438;&#x431;&#x43B;&#x438;&#x43E;&#x433;&#x440;.: &#x441;. 14</subfield>
  </datafield>
  <datafield tag="517" ind1="0" ind2=" ">
    <subfield code="a">&#x41C;&#x43E;&#x434;&#x438;&#x444;&#x438;&#x446;&#x438;&#x440;&#x43E;&#x432;&#x430;&#x43D;&#x43D;&#x44B;&#x439; &#x43C;&#x435;&#x442;&#x43E;&#x434; &#x434;&#x43B;&#x44F; &#x440;&#x435;&#x433;&#x438;&#x441;&#x442;&#x440;&#x430;&#x446;&#x438;&#x438; &#x43E;&#x442;&#x43A;&#x43B;&#x43E;&#x43D;&#x435;&#x43D;&#x438;&#x44F; &#x447;&#x430;&#x441;&#x442;&#x438;&#x446;</subfield>
  </datafield>
  <datafield tag="606" ind1="1" ind2=" ">
    <subfield code="a">&#x42D;&#x43B;&#x435;&#x43C;&#x435;&#x43D;&#x442;&#x430;&#x440;&#x43D;&#x44B;&#x435; &#x447;&#x430;&#x441;&#x442;&#x438;&#x446;&#x44B;</subfield>
    <subfield code="x">&#x41E;&#x442;&#x43A;&#x43B;&#x43E;&#x43D;&#x435;&#x43D;&#x438;&#x435; &#x438;&#x437;&#x43E;&#x433;&#x43D;&#x443;&#x442;&#x44B;&#x43C;&#x438; &#x43A;&#x440;&#x438;&#x441;&#x442;&#x430;&#x43B;&#x43B;&#x430;&#x43C;&#x438;</subfield>
    <subfield code="9">2381439</subfield>
    <subfield code="3">RU\NLR\AUTH\661420834</subfield>
  </datafield>
  <datafield tag="606" ind1=" " ind2=" ">
    <subfield code="a">&#x427;&#x430;&#x441;&#x442;&#x438;&#x446;&#x44B; (&#x444;&#x438;&#x437;.)</subfield>
    <subfield code="x">&#x41E;&#x442;&#x43A;&#x43B;&#x43E;&#x43D;&#x435;&#x43D;&#x438;&#x435; &#x438;&#x437;&#x43E;&#x433;&#x43D;&#x443;&#x442;&#x44B;&#x43C;&#x438; &#x43A;&#x440;&#x438;&#x441;&#x442;&#x430;&#x43B;&#x43B;&#x430;&#x43C;&#x438;</subfield>
    <subfield code="3">RU\NLR\AUTH\661420835</subfield>
    <subfield code="9">2381441</subfield>
  </datafield>
  <datafield tag="686" ind1="4" ind2=" ">
    <subfield code="a">&#x412;386.1</subfield>
  </datafield>
  <datafield tag="701" ind1=" " ind2="1">
    <subfield code="a">Afanas'ev</subfield>
    <subfield code="b">S. V.</subfield>
    <subfield code="g">Sergej Vladimirovi&#x10D;</subfield>
    <subfield code="4">070</subfield>
  </datafield>
  <datafield tag="701" ind1=" " ind2="1">
    <subfield code="a">Kovalenko</subfield>
    <subfield code="b">A. D.</subfield>
    <subfield code="g">Aleksandr Dmitrievi&#x10D;</subfield>
    <subfield code="4">070</subfield>
  </datafield>
  <datafield tag="701" ind1=" " ind2="1">
    <subfield code="a">Kuznecov</subfield>
    <subfield code="b">V. N.</subfield>
    <subfield code="g">V.N.</subfield>
    <subfield code="4">070</subfield>
  </datafield>
  <datafield tag="801" ind1=" " ind2="0">
    <subfield code="a">RU</subfield>
    <subfield code="b">NLR</subfield>
    <subfield code="c">20050419</subfield>
    <subfield code="g">PSBO</subfield>
  </datafield>
  <datafield tag="942" ind1=" " ind2=" ">
    <subfield code="c">BOOK</subfield>
  </datafield>
  <datafield tag="980" ind1=" " ind2=" ">
    <subfield code="a">NB</subfield>
  </datafield>
  <datafield tag="995" ind1=" " ind2=" ">
    <subfield code="5">2005-04-19</subfield>
    <subfield code="a">ad</subfield>
    <subfield code="b">NLR01</subfield>
    <subfield code="c">NLR01</subfield>
    <subfield code="e">IF</subfield>
    <subfield code="f">1037111</subfield>
    <subfield code="k">&#x418;&#x43A; 2005-6/23</subfield>
    <subfield code="o">0</subfield>
    <subfield code="r">BOOK</subfield>
    <subfield code="s">_2005623</subfield>
    <subfield code="u"> ;  </subfield>
  </datafield>
</record>
